| 000 | 00423nam a22001697a 4500 | ||
|---|---|---|---|
| 005 | 20160521122449.0 | ||
| 008 | 160521b xxu||||| |||| 00| 0 eng d | ||
| 020 | _a81-8054-719-5 | ||
| 041 | _aeng | ||
| 082 | _b3763 | ||
| 100 |
_aKanti Swarup P.K. Gupta Man Mohan _9956 |
||
| 245 | _aOperations Research | ||
| 260 |
_aNew Delhi _bSultan Chand & Sons, _c2009 |
||
| 300 | _a994 | ||
| 650 |
_aManagement _9241 |
||
| 942 | _cBK | ||
| 999 |
_c1305 _d1305 |
||